| 000 | nam a22 7a 4500 | ||
|---|---|---|---|
| 999 |
_c25942 _d25942 |
||
| 008 | 170201b xxu||||| |||| 00| 0 eng d | ||
| 020 | _a0844251003 | ||
| 050 | _aPN 6112 .C37 1975 | ||
| 100 |
_aCassady, Marshall. _d1975 |
||
| 245 |
_aAn introduction to theatre and drama. _cMarshall Cassady, Pat Cassady. |
||
| 260 |
_aUSA: _bNational textbook company, _c1975. |
||
| 300 |
_a617p.: _c23cm. |
||
| 650 | _aDrama. | ||
| 700 | _aCassady, Pat. | ||
| 942 |
_2lcc _cBOOKS _hPN 6112 .C37 1975 |
||